Dirección de personal : principios, prácticas y puntos de vista.
Gorde:
| Egile nagusia: | |
|---|---|
| Beste egile batzuk: | , , |
| Formatua: | Liburua |
| Hizkuntza: | Spanish |
| Argitaratua: |
New York, New York : McGraw-Hill,
1964.
|
| Edizioa: | 6 |
| Gaiak: | |
| Etiketak: |
Etiketa erantsi
Etiketarik gabe, Izan zaitez lehena erregistro honi etiketa jartzen!
|
MARC
| LEADER | 00000nam a2200000Ia 4500 | ||
|---|---|---|---|
| 003 | 002198 | ||
| 005 | 20221231143954.0 | ||
| 008 | 140114s1964 nyua 000 ||spa d | ||
| 040 | |c cru CEDI | ||
| 082 | |a 658.3 S315d6 | ||
| 100 | |a Scott, Walter Dill, 1869-1955 |9 21385 | ||
| 245 | |a Dirección de personal : principios, prácticas y puntos de vista. | ||
| 250 | |a 6 | ||
| 260 | |a New York, New York : McGraw-Hill, |c 1964. | ||
| 300 | |a 620 páginas : ilustraciones, gráficos, organigramas | ||
| 650 | |x ADMINISTRACION DE PERSONAL |9 21386 | ||
| 700 | |a Clothier, Robert C. |9 21381 | ||
| 700 | |a Spriegel , William R |9 21382 | ||
| 700 | |a Cremades Cepa, Rafael |9 21383 |d Traductor/a | ||
| 942 | |2 ddc |c BK | ||
| 999 | |c 14997 |d 14997 | ||
